| 000 | 00559nam a22001811 4500 | ||
|---|---|---|---|
| 001 | 21160 | ||
| 003 | CZ PrNK | ||
| 005 | 20260221111351.0 | ||
| 008 | 991105s1929 xo slo | ||
| 040 |
_aABA001 _bcze _cULG001 _dABA001 |
||
| 100 | 1 |
_aHviezdoslav, Pavol Országh, _d1849-1921 _4aut |
|
| 245 | 1 | 0 | _aVýbor z kratšej epiky Hviezdoslavovej |
| 260 |
_aTurčiansky Sv. Martin : _bMatica Slovenská, _c1929 _f(Matica Slovenská) |
||
| 300 |
_a205, [I] s. ; _c8° |
||
| 500 | _aVl. jm. autora: Országh, Pavel | ||
| 910 | _aABA001 | ||
| 942 |
_2ddc _cKLDO _n0 |
||
| 999 |
_c21160 _d21160 |
||